Vista normal Vista MARC

Entrada Personal Name

Número de registros utilizados en: 2

001 - CONTROL NUMBER

  • control field: 5649

003 - CONTROL NUMBER IDENTIFIER

  • control field: OSt

005 - DATE AND TIME OF LATEST TRANSACTION

  • control field: 20200616152457.0

008 - FIXED-LENGTH DATA ELEMENTS

  • fixed length control field: 200616|| aca||aabn | a|a d

040 ## - CATALOGING SOURCE

  • Original cataloging agency: OSt
  • Transcribing agency: OSt

100 ## - HEADING--PERSONAL NAME

  • Personal name: Gómez Hurtado, Alvaro,

670 ## - SOURCE DATA FOUND

  • Source citation: Work cat.: (OSt)5520: Barre, Raymond, autor 4813, El papel del Estado en la crisis económica y política contemporánea /, 1983.